| 000 | 00905nam a2200265 a 4500 | ||
|---|---|---|---|
| 001 | 73563 | ||
| 003 | BD-RjUL | ||
| 005 | 20211209082418.0 | ||
| 008 | 170604s19591947us a b 001 0 eng d | ||
| 035 | _a(BD-RjUL)73781 | ||
| 040 |
_aU.S. Nat'l Agr. Libr _cWSU _dSER/EUX _dBD-RjUL _beng |
||
| 041 | _aeng | ||
| 070 | 1 |
_a99.45T4F _bEd.2 1947 |
|
| 082 |
_a634.95 _223 _bTOF 1959 |
||
| 100 | 1 |
_aToumey, James William, _d1865-1932. _9217664 |
|
| 245 | 1 | 0 |
_aFoundations of silviculture upon an ecological basis / _cby James W. Toumey |
| 250 | _a2nd ed. rev. | ||
| 260 |
_aNew York : _bJ. Wiley ; _aLondon : _bChapman & Hall, _c1947 [printing 1959] |
||
| 300 |
_axxi, 468 p : _bill ; _c24 cm |
||
| 504 | _aIncludes bibliography and index | ||
| 650 | 0 |
_asilviculture _9217673 |
|
| 650 | 0 |
_aForests and forestry _zUnited States. _9217674 |
|
| 700 | 1 |
_aKorstian, Clarence Ferdinand, _d1889- _9217667 |
|
| 942 |
_2ddc _cBK |
||
| 999 |
_c73563 _d73563 |
||